Respuesta económica a la suplementación con concentrado sobre vacas lecheras en pastoreo / (Record no. 220044)
[ view plain ]
| 000 -CABECERA | |
|---|---|
| campo de control de longitud fija | 03379nam a22003497a 4500 |
| 003 - IDENTIFICADOR DEL NÚMERO DE CONTROL | |
| campo de control | OSt |
| 005 - FECHA Y HORA DE LA ÚLTIMA TRANSACCIÓN | |
| campo de control | 20250703122138.0 |
| 007 - CAMPO FIJO DE DESCRIPCIÓN FÍSICA--INFORMACIÓN GENERAL | |
| campo de control de longitud fija | cr ||||||a|c|| |
| 008 - DATOS DE LONGITUD FIJA--INFORMACIÓN GENERAL | |
| campo de control de longitud fija | 240801s2021 mx ad||fom||| 001 0 spa d |
| 040 ## - FUENTE DE LA CATALOGACIÓN | |
| Normas de descripción | rda |
| 100 1# - ENTRADA PRINCIPAL--NOMBRE DE PERSONA | |
| Nombre de persona | Murrieta Dionicio, Heber |
| 9 (RLIN) | 189337 |
| 245 10 - MENCIÓN DE TÍTULO | |
| Título | Respuesta económica a la suplementación con concentrado sobre vacas lecheras en pastoreo / |
| Mención de responsabilidad, etc. | por Murrieta Dionicio Heber; presidente Leticia Myriam Sagarnaga Villegas; secretario Citlali Anais Castro Jaime; vocal Jorge Luis Castrellón Montelóngo; suplente Enrique Cortés Díaz; suplente Juan Daniel Jiménez Rosales |
| 264 #1 - PRODUCCIÓN, PUBLICACIÓN, DISTRIBUCIÓN, FABRICACIÓN Y COPYRIGHT | |
| Producción, publicación, distribución, fabricación y copyright | Chapingo, México : |
| Nombre del de productor, editor, distribuidor, fabricante | El autor, |
| Fecha de producción, publicación, distribución, fabricación o copyright | 2021. |
| 300 ## - DESCRIPCIÓN FÍSICA | |
| Extensión | 1 recurso en línea (81 páginas): |
| Otras características físicas | Ilustraciones, cuadros, gráficas |
| 336 ## - TIPO DE CONTENIDO | |
| Fuente | rdacontent |
| Término de tipo de contenido | texto |
| Código de tipo de contenido | txt |
| 337 ## - TIPO DE MEDIO | |
| Fuente | rdamedia |
| Nombre/término del tipo de medio | computadora |
| Código del tipo de medio | c |
| 338 ## - TIPO DE SOPORTE | |
| Fuente | rdacarrier |
| Nombre/término del tipo de soporte | recurso en línea |
| Código del tipo de soporte | cr |
| 502 ## - NOTA DE TESIS | |
| Tipo de título | Ingeniero Agrónomo Especialista en Zootecnia |
| Nombre de la institución que otorga el título | Departamento de Enseñanza, Investigación y Servicio en Zootecnia, |
| Año de obtención del título | 2021 |
| Información miscelánea | Licenciatura |
| 504 ## - NOTA DE BIBLIOGRAFÍA, ETC. | |
| Nota de bibliografía, etc. | Incluye referencias bibliográficas: páginas 65-75 |
| 520 ## - SUMARIO, ETC. | |
| Sumario, etc. | El objetivo de este trabajo fue evaluar el impacto económico de la suplementación creciente con concentrado a través de las modificaciones en los parámetros productivos como producción individual de leche, carga animal y producción de leche por hectárea de vacas lecheras en pastoreo de praderas mixtas de Medicago sativacon Dactylis glomerata. Se evaluaron tres niveles de suplementación: 2.5, 5.0 y 7.5 kg de MS de concentrado vaca-1 d-1, en tres unidades experimentales formadas por lotes de cinco vacas Holstein Neozelandés y sus respectivas áreas de pastoreo. Los lotes fueron manejados con base en un diseño experimental cross over 3x3, estableciendo un nivel de suplementación diferente a cada lote en cada fase experimental. La asignación de forraje se ajustó con base en la altura del forraje residual de 8 cm en todos los tratamientos. Los datos productivos se analizaron con el procedimiento GLM de SAS; con los datos económicos se realizó el análisis de rentabilidad para la determinación del ingreso neto y la utilidad económica. La suplementación creciente aumentó la producción de leche individual, la carga animal y por consecuencia la producción de leche por hectárea (P<0.05), misma que resultó principalmente del aumento en la carga animal. Los costos de operación respondieron positivamente al incremento del nivel de suplementación, incrementando el costo de producción por litro de leche. El uso de un nivel de suplementación medio permite obtener mayores utilidades por animal en producción, los tres niveles de suplementación presentaron rentabilidad económica con mayores utilidades por hectárea conforme se incrementó la suplementación. |
| 650 #4 - PUNTO DE ACCESO ADICIONAL DE MATERIA--TÉRMINO DE MATERIA | |
| Término de materia o nombre geográfico como elemento de entrada | Producción de leche en pastoreo |
| 9 (RLIN) | 145989 |
| 650 #4 - PUNTO DE ACCESO ADICIONAL DE MATERIA--TÉRMINO DE MATERIA | |
| Término de materia o nombre geográfico como elemento de entrada | Suplementos proteico |
| Subdivisión general | enérgetico |
| 9 (RLIN) | 145563 |
| 650 #4 - PUNTO DE ACCESO ADICIONAL DE MATERIA--TÉRMINO DE MATERIA | |
| Término de materia o nombre geográfico como elemento de entrada | Pastoreo |
| Subdivisión general | Alimentación |
| 9 (RLIN) | 143651 |
| 650 #4 - PUNTO DE ACCESO ADICIONAL DE MATERIA--TÉRMINO DE MATERIA | |
| Término de materia o nombre geográfico como elemento de entrada | Leche |
| Subdivisión general | Costos de producción |
| 9 (RLIN) | 65371 |
| 700 1# - PUNTO DE ACCESO ADICIONAL--NOMBRE DE PERSONA | |
| Nombre de persona | Sagarnaga Villegas, Leticia Myriam |
| 9 (RLIN) | 101176 |
| Término indicativo de función/relación | presidente |
| 700 1# - PUNTO DE ACCESO ADICIONAL--NOMBRE DE PERSONA | |
| Nombre de persona | Castro Jaime, Citlali Anais |
| 9 (RLIN) | 188843 |
| Término indicativo de función/relación | secretario |
| 700 0# - PUNTO DE ACCESO ADICIONAL--NOMBRE DE PERSONA | |
| Nombre de persona | Castrellón Montelongo, Jorge Luis |
| Término indicativo de función/relación | vocal |
| 9 (RLIN) | 20309 |
| 700 1# - PUNTO DE ACCESO ADICIONAL--NOMBRE DE PERSONA | |
| Nombre de persona | Cortés Díaz, Enrique |
| 9 (RLIN) | 28347 |
| Término indicativo de función/relación | suplente |
| 700 1# - PUNTO DE ACCESO ADICIONAL--NOMBRE DE PERSONA | |
| Nombre de persona | Jiménez Rosales, Juan Daniel |
| 9 (RLIN) | 125885 |
| Término indicativo de función/relación | suplente |
| 856 ## - LOCALIZACIÓN Y ACCESO ELECTRÓNICOS | |
| Identificador Uniforme del Recurso | http://10.13.5.2/tesis/tl/2021_ZO_Murrieta_Dionicio_Heber.pdf |
| Nota pública | DESCARGAR PDF |
| 942 ## - ELEMENTOS DE PUNTO DE ACCESO ADICIONAL (KOHA) | |
| Fuente del sistema de clasificación o colocación | Clasificación Universidad Autónoma Chapingo |
| Tipo de ítem Koha | Tesis digital |
| Estado de retiro | Estado de pérdida | Fuente del sistema de clasificación o colocación | Estado dañado | Restricciones de uso | No para préstamo | Código de colección | Localización permanente | Ubicación/localización actual | Ubicación en estantería | Fecha de adquisición | Total de préstamos | Signatura topográfica completa | Fecha visto por última vez | Precio válido a partir de | Tipo de ítem Koha |
|---|---|---|---|---|---|---|---|---|---|---|---|---|---|---|---|
| Clasificación Universidad Autónoma de Chapingo | Préstamo interno | Tesis digitales de Licenciatura | Biblioteca Digital | Biblioteca Digital | En línea | 01/08/2024 | Tesis digital | 01/08/2024 | 01/08/2024 | Tesis digital |
